000 01046cam a2200205 4500
001 L137030
008 070312s2007 xxk f 000 0 eng d
035 _a(Sirsi) u137030
041 0 _aeng
050 0 4 _a690.241 $2 18
110 1 _aUnited Kingdom
_bDepartment for Culture, Media and Sport
245 0 0 _aHeritage protection for the 21st century
_bregulatory impact assessment
_h[electronic resource]
260 _aLondon
_bDCMS
_c2007
520 _aThis regulatory impact assessment outlines the options for reforming the heritage protection system and the costs and benefits of each option. Published with the heritage protection white paper (L137028).
650 2 4 _aHERITAGE PROTECTION WHITE PAPER 2007
651 4 _aUnited Kingdom
_y
690 _aBUILT ENVIRONMENT-BUILDING TYPES-HISTORIC BUILDINGS AND ANCIENT MONUMENTS
856 4 0 _uhttps://www.culture.gov.uk/Reference_library/Consultations/2007_current_consultations/hpr_whitepaper07.htm
_zView the regulatory impact assessment free of charge at www.culture.gov.uk...
942 _n0
999 _c106608
_d106608